| 000 | 01941nam a2200397 a 4500 | ||
|---|---|---|---|
| 001 | ebr10469315 | ||
| 003 | CaPaEBR | ||
| 006 | m u | ||
| 007 | cr cn||||||||| | ||
| 008 | 090501s2009 iluak sb 001 0 eng d | ||
| 010 | _z 2009016684 | ||
| 020 | _z9780838910139 (alk. paper) | ||
| 020 | _z0838910130 (alk. paper) | ||
| 020 | _z9780838992173 (e-book) | ||
| 040 |
_aCaPaEBR _cCaPaEBR |
||
| 035 | _a(OCoLC)721927517 | ||
| 043 | _an-us--- | ||
| 050 | 1 | 4 |
_aZ711.92.U53 _bJ47 2009eb |
| 082 | 0 | 4 |
_a025.5086/9410973 _222 |
| 100 | 1 |
_aJerrard, Jane, _d1961- |
|
| 245 | 1 | 0 |
_aCrisis in employment _h[electronic resource] : _ba librarian's guide to helping job seekers / _cJane Jerrard ; foreword by Denise Davis. |
| 260 |
_aChicago : _bAmerican Library Association, _c2009. |
||
| 300 |
_avii, 66 p. : _bill., forms. |
||
| 500 | _a"ALA Editions special reports." | ||
| 504 | _aIncludes bibliographical references (p. 61) and index. | ||
| 505 | 0 | _aThe employment crisis hits the public library -- An operations manual for getting started -- How-tos for providing hands-on help -- Resources and reference : think beyond the bookshelves -- Partnerships : you'll never work alone -- Best practices : what libraries are doing right. | |
| 533 |
_aElectronic reproduction. _bPalo Alto, Calif. : _cebrary, _d2013. _nAvailable via World Wide Web. _nAccess may be limited to ebrary affiliated libraries. |
||
| 650 | 0 |
_aLibraries and the unemployed _zUnited States. |
|
| 650 | 0 |
_aVocational guidance _zUnited States _xInformation services. |
|
| 650 | 0 |
_aJob vacancies _zUnited States _xInformation services. |
|
| 650 | 0 |
_aLibraries and community _zUnited States. |
|
| 650 | 0 |
_aPublic libraries _xReference services _zUnited States. |
|
| 655 | 7 |
_aElectronic books. _2local |
|
| 710 | 2 | _aebrary, Inc. | |
| 856 | 4 | 0 |
_uhttp://site.ebrary.com/lib/rucke/Doc?id=10469315 _zAn electronic book accessible through the World Wide Web; click to view |
| 999 |
_c131178 _d131178 |
||